00519nam a2200145Ia 4500008004100000020001900041082001700060100002600077245009500103260002900198300000900227942001200236999001900248952010600267210430s9999 xx 000 0 und d a10-444-51518-6 a662 E 5668 E aPeter Politzer953006 aEnergetic Materials Part 1. Decomposition,Crystal and Molecular PropertiescPeter Politzer aNew yorkbElsevierc2003 a465p cBK2ddc c562544d562544 001040708NFICaSCMEbSCMEcGENd0007-08-11l0o662 E 5668 EpSCME-1423r2021-04-30w2021-04-30yBK